Central Library OPAC University of Rajshahi

Political science in Asia and the Pacific : (Record no. 57831)

MARC details
000 -LEADER
fixed length control field 01526nam a2200337 a 4500
001 - CONTROL NUMBER
control field 57831
003 - CONTROL NUMBER IDENTIFIER
rucl marc code BD-RjUL
005 - DATE AND TIME OF LATEST TRANSACTION
control field 20211209080545.0
008 - FIXED-LENGTH DATA ELEMENTS--GENERAL INFORMATION
fixed length control field 161212s1984 th b 000 0 eng d
035 ## - SYSTEM CONTROL NUMBER
System control number (BD-RjUL)57955
040 ## - CATALOGING SOURCE
Original cataloging agency ANL
Language of cataloging eng
Transcribing agency ANL
Modifying agency ANL:NR
041 ## - LANGUAGE CODE
Language code of text/sound track or separate title eng
082 14 - DEWEY DECIMAL CLASSIFICATION NUMBER
Classification number 320.95
Edition number 23
Author mark and year POL 1984
245 00 - TITLE STATEMENT
Title Political science in Asia and the Pacific :
Remainder of title status reports on eaching and research in ten countries /
Statement of responsibility, etc. editor, Takeo Uchida.
260 ## - PUBLICATION, DISTRIBUTION, ETC. (IMPRINT)
Place of publication, distribution, etc. Bangkok :
Name of publisher, distributor, etc. Unesco Regional Office for Education in Asia and the Pacific,
Date of publication, distribution, etc. 1984.
300 ## - PHYSICAL DESCRIPTION
Pagination 376 p. ;
Size 27 cm.
490 1# - SERIES STATEMENT
Series statement Social sciences in Asia and the Pacific. RUSHSAP series on occasional monographs and papers ;
Volume/sequential designation 10
500 ## - GENERAL NOTE
General note Includes The development of political science in Australia / Don Aitkin.
504 ## - BIBLIOGRAPHY, ETC. NOTE
Bibliography, etc Bibliography: p. 370-374.
650 #0 - SUBJECT ADDED ENTRY--TOPICAL TERM
Topical term or geographic name as entry element Political science
Geographic subdivision Asia.
9 (RLIN) 171749
Topical term or geographic name as entry element Political science
Geographic subdivision Pacific Area.
9 (RLIN) 171750
Topical term or geographic name as entry element Political science
Geographic subdivision Australia
General subdivision History.
9 (RLIN) 171751
Topical term or geographic name as entry element Political science
General subdivision Study and teaching
Geographic subdivision Pacific Area.
9 (RLIN) 171752
Topical term or geographic name as entry element Political science
General subdivision Study and teaching
Geographic subdivision Asia.
9 (RLIN) 171753
Topical term or geographic name as entry element Political science
General subdivision Study and teaching
Geographic subdivision Australia.
9 (RLIN) 171754
700 1# - ADDED ENTRY--PERSONAL NAME
Personal name Uchida, Takeo.
Personal name Aitkin, Don,
Dates associated with a name 1937-
710 2# - ADDED ENTRY--CORPORATE NAME
Corporate name or jurisdiction name as entry element Unesco.
Subordinate unit Regional Office for Education in Asia and Oceania.
9 (RLIN) 171757
830 #0 - SERIES ADDED ENTRY--UNIFORM TITLE
Uniform title Social and human sciences in Asia and the Pacific.
Volume number/sequential designation 10.
942 ## - ADDED ENTRY ELEMENTS (KOHA)
Source of classification or shelving scheme Dewey Decimal Classification
Koha item type Books
Holdings
Lost status Source of classification or shelving scheme Damaged status Not for loan Collection code Permanent Location Current Location Shelving location Date acquired Source of acquisition Total Checkouts Full call number Date last seen Copy number Koha item type
  Dewey Decimal Classification   Not For Loan Non-fiction Central Library, University of Rajshahi Central Library, University of Rajshahi Reading Room 15/02/2009 RUCL   320.95 POL 1984 12/12/2016 C-1 Books